000 00412cam a2200157ua 4500
003 OSt
008 250512b |||||||| |||| 00| 0 eng d
082 _a624.17
_bKHU/ST
100 _aKhurmi R. S.
100 _aKhurmi N.
_91314
245 _aStrength of Materials (Mechanics of Solids) (In SI Units)
250 _a12 / 24
260 _aNew Delhi :
_bS.Chand and Co ,
_c2006,2014
300 _a924
942 _cBK
999 _c12940
_d12940